000 00816nam a22002417a 4500
003 UA-OsUOA
001 824
007 ta
008 20050706b un ||||| |||| 00| 0 ukr d
100 _aПанашенко В.В.
090 _a81.35:003.072(477)
_bП16
942 _cBK
040 _aUA-OsUOA
_bukr
_cUA-OsUOA
_dUA-OsUOA
245 _aПалеографія українського скоропису другої половини 17 ст.
300 _a111 с.
955 _a1
041 _aukr
080 _a81.35:003.072(477)
260 _aК.
_bНаукова думка
_c1974
246 3 1 _aНа матеріалах Лівобережної України
_n
650 7 _a8 Мовознавство. Художня література. Літературознавство
_2UDC
999 _c286991
_d286991